000 00765nam a2200241 a 4500
003 OSt
005 20140311163041.0
008 120706s19uu xx 00 eng d
020 _a9781849207553
050 _aLB 2822.6
_b.Au83 2010
100 _aAubrey, Carol
_930511
245 _aLeading and managing early years /
_cCarol Aubrey.
250 _a2nd ed.
260 _aSingapore :
_bSAGE Pub. Asia,
_c2011.
300 _axvi, 224 p. :
_bill. ;
_c24 cm.
500 _aIncludes bibliographical references and index
650 _aElementary school administration
_930512
650 _aNursery schools
_xAdministration
_930513
650 _aEducational leadership
_943
650 _aElementary school principals.
_9661
942 _cBK
_2lcc
_kFOR
999 _c39750
_d39750